Statistical models (E-BOOK) (Record no. 213234)

000 -LEADER
fixed length control field 00815 a2200289 4500
003 - CONTROL NUMBER IDENTIFIER
control field Nust
005 - DATE AND TIME OF LATEST TRANSACTION
control field 20170207165830.0
020 ## - INTERNATIONAL STANDARD BOOK NUMBER
International Standard Book Number 0511602588
020 ## - INTERNATIONAL STANDARD BOOK NUMBER
International Standard Book Number 0511603363 (ebook)
020 ## - INTERNATIONAL STANDARD BOOK NUMBER
International Standard Book Number 9780511602580
020 ## - INTERNATIONAL STANDARD BOOK NUMBER
International Standard Book Number 9780511602580
020 ## - INTERNATIONAL STANDARD BOOK NUMBER
International Standard Book Number 9780511602580
020 ## - INTERNATIONAL STANDARD BOOK NUMBER
International Standard Book Number 9780511602580
020 ## - INTERNATIONAL STANDARD BOOK NUMBER
International Standard Book Number 9780511602580
020 ## - INTERNATIONAL STANDARD BOOK NUMBER
International Standard Book Number 9780511603365 (ebook)
040 ## - CATALOGING SOURCE
Transcribing agency Nust
082 04 - DEWEY DECIMAL CLASSIFICATION NUMBER
Classification number 519.5
100 1# - MAIN ENTRY--PERSONAL NAME
Personal name Freedman, David,
245 10 - TITLE STATEMENT
Title Statistical models (E-BOOK)
Remainder of title theory and practice /
Statement of responsibility, etc. David A. Freedman.
250 ## - EDITION STATEMENT
Edition statement [Rev. ed.]
260 ## - PUBLICATION, DISTRIBUTION, ETC.
Place of publication, distribution, etc. Cambridge ;
-- New York :
Name of publisher, distributor, etc. Cambridge University Press,
Date of publication, distribution, etc. c2009
300 ## - PHYSICAL DESCRIPTION
Extent 1 online resource (xiv, 442 p.) :
Other physical details ill.
650 #0 - SUBJECT ADDED ENTRY--TOPICAL TERM
Topical term or geographic name entry element Bootstrap (Statistics)
650 #0 - SUBJECT ADDED ENTRY--TOPICAL TERM
Topical term or geographic name entry element Linear models (Statistics)
650 #0 - SUBJECT ADDED ENTRY--TOPICAL TERM
Topical term or geographic name entry element Mathematical statistics.
651 ## - SUBJECT ADDED ENTRY--GEOGRAPHIC NAME
Geographic name E-Book
942 ## - ADDED ENTRY ELEMENTS (KOHA)
Source of classification or shelving scheme
Koha item type Book
Holdings
Withdrawn status Lost status Source of classification or shelving scheme Damaged status Not for loan Collection code Permanent Location Current Location Date acquired Total Checkouts Full call number Barcode Date last seen Price effective from Koha item type
            Military College of Signals (MCS) Military College of Signals (MCS) 12/12/2016   519.5 DAV MCSEB-3233 12/08/2016 12/12/2016 Book
© 2023 Central Library, National University of Sciences and Technology. All Rights Reserved.